Normal view
MARC view
- مصطفى،احمد فريد/م.مشارك: سهير محمد السيد حسن
Entry Personal Name
001 - CONTROL NUMBER
- control field: 18320
003 - CONTROL NUMBER IDENTIFIER
- control field: JO-AjAnu
005 - DATE AND TIME OF LATEST TRANSACTION
- control field: 20230606073223.0
008 - FIXED-LENGTH DATA ELEMENTS
- fixed length control field: 230606|| aca||aabn | a|a d
040 ## - CATALOGING SOURCE
- Original cataloging agency: JO-AjAnu
- Transcribing agency: JO-AjAnu
100 ## - HEADING--PERSONAL NAME
- Personal name: مصطفى،احمد فريد/م.مشارك: سهير محمد السيد حسن
670 ## - SOURCE DATA FOUND
- Source citation: Work cat.: (JO-AjAnu)9405: مصطفى،احمد فريد/م.مشارك: سهير محمد السيد حسن, author, تطور الفكر والوقائع الاقتصادية